| Tag |
First Indicator |
Second Indicator |
Subfields |
| LEADER |
00000cam a2200000 a 4500 |
| 001 |
in00000080310 |
| 005 |
20151008060922.0 |
| 008 |
760113s1975 enka b 10000 engm |
| 010 |
|
|
|a 75332842
|
| 015 |
|
|
|a GB75-20947
|
| 020 |
|
|
|a 0727700197 :
|c 12.50
|
| 035 |
|
|
|a (OCoLC)02005594
|
| 035 |
|
|
|9 AAJ6885AM
|
| 040 |
|
|
|a DLC
|c DLC
|d m.c.
|d TXA
|d UtOrBLW
|
| 049 |
|
|
|a TXAM
|c [1196610]
|
| 050 |
0 |
0 |
|a QC793.5.N4628
|b R3
|
| 082 |
0 |
|
|a 621.36/73
|
| 245 |
0 |
0 |
|a Radiography with neutrons :
|b [proceedings of a] conference held 10-11 September, 1973 at the University of Birmingham /
|c technical editor, M.R. Hawkesworth.
|
| 264 |
|
1 |
|a London :
|b British Nuclear Energy Society,
|c 1975.
|
| 300 |
|
|
|a 167 pages :
|b illustrations ;
|c 30 cm.
|
| 336 |
|
|
|a text
|b txt
|2 rdacontent
|
| 337 |
|
|
|a unmediated
|b n
|2 rdamedia
|
| 338 |
|
|
|a volume
|b nc
|2 rdacarrier
|
| 500 |
|
|
|a Sponsored by the British Nuclear Energy Society.
|
| 504 |
|
|
|a Includes bibliographical references.
|
| 650 |
|
0 |
|a Neutron radiography
|x Congresses.
|
| 700 |
1 |
|
|a Hawkesworth, Michael Rowling.
|
| 710 |
2 |
|
|a British Nuclear Energy Society.
|
| 999 |
|
|
|a MARS
|
| 999 |
f |
f |
|s ecb664fd-d803-3068-a695-2ee2236fe3a2
|i d3e7f5bb-e110-33fb-a666-a8b9fd02f7c1
|t 0
|
| 952 |
f |
f |
|p normal
|a Texas A&M University
|b College Station
|c Sterling C. Evans Library
|d Evans: Library Stacks
|t 0
|e QC793.5.N4628 R3
|h Library of Congress classification
|i unmediated -- volume
|m A14806209528
|
| 998 |
f |
f |
|a QC793.5.N4628 R3
|t 0
|l Evans: Library Stacks
|